Religions in the Middle East - Statistics

General Stats
  • This quiz has been taken 217 times
  • The average score is 7 of 13
Answer Stats
Population Answer Countries % Correct
378 647 737 Islam Egypt, Turkey, Iran, Iraq, Saudi Arabia
99%
22 495 000 Christianity Egypt, Cyprus, Lebanon, Syria, Iraq
93%
6 987 756 Judaism Israel, Palestine, Turkey, Iran, Iraq
93%
3 060 000 Hinduism United Arab Emirates, Saudi Arabia, Kuwait, Qatar
72%
900 000 Buddhism Saudi Arabia, United Arab Emirates, Kuwait, Qatar
68%
1 000 000 Druzism Syria, Lebanon, Israel, Palestine
55%
42 171 Zoroastrianism Iran, Iraq
49%
352 882 Baháʼí Faith Iran, United Arab Emirates, Turkey
45%
73 000 Sikhism United Arab Emirates, Kuwait
37%
715 000 Yazidism Iraq, Syria, Turkey
29%
840 Samaritanism Israel, Palestine
20%
12 000 Mandaeism Iraq, Iran, Jordan, Syria
13%
500 000 Yarsanism Iran, Iraq
8%
No matching quizzes found
Score Distribution
Percent of People with Each Score
Percentile by Number Answered
Your Score History
You have not taken this quiz